| 000 | 00773nam a2200205 a 4500 | ||
|---|---|---|---|
| 001 | 000561669 | ||
| 003 | AM-YeHGA | ||
| 005 | 20250617140409.0 | ||
| 008 | 071218s2007 ai | |||| |0| | arm d | ||
| 040 | _aAM-YeHGA | ||
| 041 | 0 | _aarm | |
| 100 | 1 | _aԱրսենյան, Արամ | |
| 245 | 1 | 0 |
_aԻրական հորինվածքներ : _b[Պատմվածքներ, թատերգություն] / _cԱ. Արսենյան; Խմբ.՝ Ռ. Սահակյան. |
| 260 |
_aԵրևան : _bԼուսակն, _c2007. |
||
| 300 |
_a59 էջ : _bդիմանկ. ; _c20 սմ. |
||
| 650 | 1 | 4 |
_aՀայ գրականություն _xՊատմվածք |
| 650 | 1 | 4 |
_aՀայ գրականություն _xԹատերգություն |
| 700 | 1 |
_aՍահակյան, Ռուզան _eխմբ. _4edt |
|
| 090 | _c220608 | ||
| 999 |
_c219079 _d219079 |
||